| 000 | 00626nam a2200229Ia 4500 | ||
|---|---|---|---|
| 005 | 20140407103707.0 | ||
| 008 | 140130s9999 xx 000 0 und d | ||
| 020 | _a9788953911567 | ||
| 050 |
_aPZ 7 _b.P915Hi 2003 |
||
| 100 |
_aPreller, James. _96900 |
||
| 245 |
_cJames Preller. _aHiccups for elephants (w/cd) / |
||
| 260 |
_bScholastic Inc., _cc2003. _aUSA : |
||
| 300 |
_a30 p. : _bcol. ill. ; _cUSA : |
||
| 440 | _v1 | ||
| 521 | _aG1 | ||
| 526 | _c240 | ||
| 650 |
_aHiccups _xFiction. _931414 |
||
| 650 |
_aElephants _xFiction. _931415 |
||
| 650 |
_aAnimals _xFiction. _931416 |
||
| 942 |
_cBK _2lcc |
||
| 999 |
_c41702 _d41702 |
||